000 00447nam a2200169Ia 4500
008 230917s9999||||xx |||||||||||||| ||und||
020 _cRS895
040 _e243418
_aMAIN
041 _aEnglish
082 _a338.4791 R561T
100 _aRobinson, Peter, ed.
245 0 _aTourism: The key concepts
260 _aLondon
_bRoutledge
_c2017
300 _axxxi, 336 p.
500 _a2933 20/11/2017 RBP17/67910 24/11/2017 IHTM (SFS)
942 _cBK
999 _c24594
_d24594